Все города республики Коми - Statistics

General Stats
  • This quiz has been taken 4 times
  • The average score is 7 of 10
Answer Stats
Answer % Correct
Сыктывкар
100%
Ухта
100%
Воркута
100%
Печора
75%
Усинск
75%
Сосногорск
50%
Инта
50%
Емва
50%
Вуктыл
50%
Микунь
50%
No matching quizzes found
Score Distribution
Percent of People with Each Score
Percentile by Number Answered
Your Score History
You have not taken this quiz